Plus longs fleuves et rivières françaises sur une carte - Statistiques

Statistiques générales
  • Ce quiz a été pris 90 fois
  • Le résultat moyen est 15 sur 21
Réponses sur la Carte
Les réponses sont colorées sur une échelle allant du rouge au vert en fonction du pourcentage des utilisateurs qui les ont devinées à leur premier essai. Vous pouvez retrouver ces pourcentages ci-dessous.
 
Statistiques - réponses
Cours d'eau Longeur (km) % Correct
Loir 319
99%
Seine 775
99%
Rhône 545
98%
Garonne 523
90%
Loire 1006
89%
Meuse 486
79%
Marne 514
76%
Saône 473
76%
Moselle 314
75%
Cher 365
74%
Dordogne 483
70%
Lot 485
69%
Tarn 380
68%
Charente 381
60%
Doubs 430
60%
Oise 327
58%
Allier 421
57%
Vienne 372
56%
Durance 323
51%
Aisne 356
50%
Sarthe 314
50%
Aucun quiz correspondant
Distribution des résultats
% des personnes avec chaque résultat
Percentile par nombre de réponses
Votre historique - résultats
Vous n’avez pas pris ce quiz